Catholic Pope or The Hunger Games Character? Quiz Stats

 Plays Quiz Updated May 16, 2019

Score 0/40 Timer 04:00
0 Plays Today
Name Pope (P) or The Hunger Games (H)? % Correct
Benedict???
90.9%
Katniss???
90.7%
Haymitch???
90.5%
Peeta???
90.3%
Primrose???
89.9%
Effie???
89.6%
Rue???
89.5%
Thresh???
89.2%
Gregory???
88.8%
Glimmer???
88.8%
Gale???
88.7%
Pius???
87.4%
Cinna???
87.4%
Leo???
87.2%
Alexander???
87.1%
Innocent???
86.4%
Nicholas???
85.8%
Clement???
85.3%
Boniface???
85%
Urban???
83.4%
Name Pope (P) or The Hunger Games (H)? % Correct
Clove???
83.4%
Sixtus???
83.2%
Portia???
83.2%
Julius???
82.9%
Cato???
82.3%
Honorius???
79.5%
Marvel???
79.1%
Seneca???
78.2%
Adrian???
76.1%
Venia???
72.2%
Martin???
71.5%
Lucius???
70%
Anastasius???
69.9%
Eugene???
69.8%
Celestine???
68.1%
Marcellus???
67.1%
Caesar???
65.9%
Atala???
62.8%
Flavius???
49.6%
Claudius???
34.8%

You're not logged in!

Compare scores with friends on all Sporcle quizzes.
OR
Log In

Sporcle TV

Today on Sporcle TV


Watch our educational content, quiz creation guides, and fun videos on Sporcle TV.

Show Comments

Extras

Top Quizzes Today


Score Distribution

Your Account Isn't Verified!

In order to create a playlist on Sporcle, you need to verify the email address you used during registration. Go to your Sporcle Settings to finish the process.

Report this User

Report this user for behavior that violates our Community Guidelines.

Details: